Sorption of atrazine by soils of different agro-climatic zones of Karnataka (Record no. 51551)

MARC details
000 -LEADER
fixed length control field 00624nam a2200229Ia 4500
100 ## - MAIN ENTRY--AUTHOR NAME
Personal name Satisha G.C.
245 #0 - TITLE STATEMENT
Title Sorption of atrazine by soils of different agro-climatic zones of Karnataka
260 ## - PUBLICATION, DISTRIBUTION, ETC. (IMPRINT)
Name of publisher Journal of the Indian Society of Soil Science
Year of publication 2003
300 ## - PHYSICAL DESCRIPTION
Number of Pages 234-239
650 ## - SUBJECT ADDED ENTRY--TOPICAL TERM
Topical Term Agroclimatic zone
650 ## - SUBJECT ADDED ENTRY--TOPICAL TERM
Topical Term Atrazine
650 ## - SUBJECT ADDED ENTRY--TOPICAL TERM
Topical Term Clay
650 ## - SUBJECT ADDED ENTRY--TOPICAL TERM
Topical Term Karnataka
650 ## - SUBJECT ADDED ENTRY--TOPICAL TERM
Topical Term Organic matter
650 ## - SUBJECT ADDED ENTRY--TOPICAL TERM
Topical Term Rubber soil
650 ## - SUBJECT ADDED ENTRY--TOPICAL TERM
Topical Term Sorption isotherm
700 ## - ADDED ENTRY--PERSONAL NAME
Personal name Devendra R.
700 ## - ADDED ENTRY--PERSONAL NAME
Personal name Gowda R.C.
700 ## - ADDED ENTRY--PERSONAL NAME
Personal name Prasad T.V.R.
942 ## - ADDED ENTRY ELEMENTS (KOHA)
Koha item type Bibliography STAF
Holdings
Withdrawn status Lost status Damaged status Not for loan Home library Current library Shelving location Date acquired Serial Enumeration / chronology Koha item type
      Bibliography RRII Library RRII Library Soils and agonomy 09/04/2014 Volume 51, Issue 3 Bibliography STAF